|
|
|
|
| LEADER |
00000nab a2200000 a 4500 |
| 001 |
vtls009345744 |
| 003 |
SK-MaSNL |
| 005 |
20260303044608.0 |
| 008 |
140617c2008 xo sr|p|||||||000 b|slo |
| 015 |
|
|
|a SNBRB2008/10
|2 snkbucl
|
| 038 |
|
|
|a SNKBUCL
|
| 040 |
|
|
|a SNKBUCL
|b slo
|c SNKBUCL
|e AACR2
|
| 041 |
0 |
|
|a slo
|
| 044 |
|
|
|a xo
|c SK
|
| 080 |
|
|
|a 614.842.83
|x (437.6)
|2 2001
|
| 080 |
|
|
|a 061.25
|2 2001
|
| 100 |
1 |
|
|a Minárik, Jozef,
|d 1941-2019
|4 aut
|9 107762
|
| 245 |
1 |
0 |
|a Z denníka prezidenta DPO SR
|c Jozef Minárik
|
| 610 |
2 |
7 |
|a Dobrovoľná požiarna ochrana Slovenskej republiky
|2 snkbucl
|9 35688
|
| 648 |
|
7 |
|a 2008
|2 snkbucl
|9 317238
|
| 773 |
0 |
|
|t Požiarnik
|g Roč. LXXXV, č. 10 (2008), s. 4
|x 0231-617X
|
| 852 |
|
|
|a SNK
|b KIS3GCP
|
| 958 |
|
|
|a SK
|
| 999 |
|
|
|c 1700913
|d 1702843
|